000 00691nam a2200229Ia 4500
005 20260430150159.0
008 008 250103s9999 xx 000 0 eng d
037 _aTheses
040 _aCRL
040 _beng
040 _ceng
041 _2eng
041 _aeng
084 _qCRL
100 _aMondal Atreyo Au.; Mondal P. R. Gu.
_91236705
245 0 _aAnthropological study of groth and nutritional status woth special reference to lifestyle diseases of migrated poundra population of West Bengal
260 _c2021
300 _a161p.
700 _aUniversity of Delhi. Faculty of Science. Department of Anthropology
_9144928
942 _cTH
999 _c1849147
_d1849147